banner koha

Emprego do eter gliceril guaiacol isolado ou associado a levomepromazina e benzodiazepinicos na orquiectomia em equinos (Registro n. 133335)

MARC details
000 -LÍDER
campo de controle de tamanho fixo 01141nas a2200337 4500
001 - NÚMERO DE CONTROLE
campo de controle BR9203992
003 - IDENTIFICADOR DO NÚMERO DE CONTROLE
campo de controle BR-BrBNA
005 - DATA E HORÁRIO DA ÚLTIMA TRANSAÇÃO
campo de controle 20231205092656.0
007 - CAMPO FIXO DE DESCRIÇÃO FÍSICA--INFORMAÇÃO GERAL
campo de controle de tamanho fixo ta
008 - CAMPO DE DADOS FIXOS--INFORMAÇÃO GERAL
campo de controle de tamanho fixo 230509b bl.|||p| |||| 00| 00por d
040 ## - FONTE DA CATALOGAÇÃO
Instituição da catalogação original BR-BrBNA
Idioma da catalogação por
Instituição que transcreveu o registro Biblioteca Nacional de Agricultura
041 ## - CÓDIGO DE IDIOMA
Código do idioma do texto/trilha sonora ou título diferente (Pt)
072 ## - CÓDIGO DE CATEGORIA DE ASSUNTO
Código de Categoria de Assunto L70
100 1# - ENTRADA PRINCIPAL--NOME PESSOAL
Nome pessoal Massone, F.
100 1# - ENTRADA PRINCIPAL--NOME PESSOAL
Nome pessoal Luna, S.P.L.
100 1# - ENTRADA PRINCIPAL--NOME PESSOAL
Nome pessoal Castro, G.B. de
100 1# - ENTRADA PRINCIPAL--NOME PESSOAL
Nome pessoal Thomassian, A.
100 1# - ENTRADA PRINCIPAL--NOME PESSOAL
Nome pessoal Gandolfi, W.
100 1# - ENTRADA PRINCIPAL--NOME PESSOAL
Nome pessoal Nicoletti, J.L. de M.
100 1# - ENTRADA PRINCIPAL--NOME PESSOAL
Nome pessoal Hussni, C.A.
100 1# - ENTRADA PRINCIPAL--NOME PESSOAL
Nome pessoal Gaido, S.R.
100 1# - ENTRADA PRINCIPAL--NOME PESSOAL
Nome pessoal Aguiar, A.J. de A.
245 1# - TÍTULO
Título Emprego do eter gliceril guaiacol isolado ou associado a levomepromazina e benzodiazepinicos na orquiectomia em equinos
246 1# - FORMA VARIANTE DO TÍTULO
Título/título abreviado Use of the glyceryl guaiacolate alone and associated with levomepromazine and benzodiazepines in gelding of hourses
650 ## - ASSUNTO--TERMO TÓPICO
Cabeçalho tópico ou nome geográfico EQUINO
650 ## - ASSUNTO--TERMO TÓPICO
Cabeçalho tópico ou nome geográfico ANESTESIA
650 ## - ASSUNTO--TERMO TÓPICO
Cabeçalho tópico ou nome geográfico ANESTESICO
773 0# - ENTRADA ANALÍTICA
Título Brazilian Journal of Veterinary Research and Animal Science (Brazil)
ISSN - International Standard Serial Number ISSN 0303-7525
Partes relacionadas (1990), v. 27(2) p. 221-232
Número de controle do registro BR9203992
909 ## -
-- 202311
-- Lúcia
-- 55
-- Lúcia Elande
942 ## - ELEMENTOS DE ENTRADA ADICIONADOS (KOHA)
Fonte da classificação ou esquema de arquivamento na estante Classificação AGRIS
Ocultar no OPAC Não
Tipo de material Koha Analítica
Exemplares
Situação do descarte Fonte da classificação ou esquema de arquivamento na estante Situação física Não pode ser emprestado Biblioteca de origem Biblioteca atual Localização na estante Enumeração do periódico / cronologia Total de empréstimos Data de último acesso Número do exemplar Tipo de material Koha Fonte de aquisição
  Classificação AGRIS   Consulta local Biblioteca Nacional de Agricultura - Binagri Biblioteca Nacional de Agricultura - Binagri   (1990), v. 27(2) p. 221-232   29/11/2023 01 Periódicos Portaria Interministerial nº 164/94

BINAGRI

Telefone: (61)3218-2567/2388/3357/2097 - binagri@agro.gov.br

Ministério da Agricultura e Pecuária , Esplanada dos Ministérios, Bloco D, Anexo B, Brasília/DF, CEP: 70.043-900